| 000 | 00000nam##2200000za#4500 |
| 001 | 9.666931 |
| 003 | CaOODSP |
| 005 | 20200330100304 |
| 007 | ta |
| 008 | 150407|2004||||xxc||||| f|0| 0 eng|d |
| 040 | |aCaOODSP|beng |
| 041 | |aeng |
| 041 | |afre |
| 043 | |an-cn--- |
| 086 | 1 |aSW21-129/2004 |
| 110 | 1 |aCanada. |bStatus of Women Canada. |
| 245 | 10|aGBA building blocks |
| 246 | 3 |aGender-based analysis building blocks |
| 260 | |aOttawa - Ontario : |bStatus of Women Canada |c[2004]. |
| 300 | |aEnglish text, 1p. : |billus. ; |c28 cm. |
| 563 | |aLoose-leaf |
| 690 | 07|aGender equality|2gcpds |
| 690 | 07|aPolicy development|2gcpds |
| 776 | 0#|tComposantes organisationnelles de l'ACS |w(CaOODSP)9.632263 |
| 776 | 0#|tGBA building blocks |w(CaOODSP)9.687822 |
| 792 | |tComposantes organisationnelles de l'ACS |efre|w(CaOODSP)9.666932 |